000 01153nam a2200277 i 4500
001 183988
003 ES-MaACL
005 20231112131522.0
008 150127s2000 sp | o |||| ||spa d
020 _a84-931127-3-9
080 _a946.018.4"12/13"(093)
080 _a271.2(460.184)"12/13"(093)
100 1 _aFernández Ruiz, Raquel del Carmen.
_9156228
245 1 0 _aColección diplomática del Monasterio de Santo Domingo de Benavente (1228-1390) /
_cRaquel del Carmen Fernández Ruiz.
260 _aBenavente :
_bCentro de Estudios Benaventanos "Ledo del Pozo",
_c2000.
300 _a174 p. ;
_c24 cm.
490 1 _aFuentes documentales ;
_v1
610 2 7 _aMonasterio de Santo Domingo de Benavente.
_9156229
610 2 7 _aDominicos-
_zZamora (Provincia)
_9156230
710 2 _aCentro de Estudios Benaventanos "Ledo del Pozo"
_9144530
830 0 _aFuentes documentales ;
_v1
_9225021
852 _aES-MaACL
_jA-13338
_9190953
_bR.150335
_cDEPO1
_dOlim: N-6338
_hDonación: Centro de Estudios Benaventanos
914 _9144530
_aCentro de Estudios Benaventanos "Ledo del Pozo"
_ednr
942 _2udc
_cMONOGRAFIA
999 _c183988
_d183988